000 01130nam a2200301Ia 4500
003 OSt
005 20221005110548.0
006 a|||||r|||| 00| 0
007 ta
008 221004b |||||||| |||| 00| 0 hin d
020 _a9788126318933 (hbk)
_cIndian Rupees 250
024 _a43943
037 _bGift, 30/05/2019,
_cTextual
040 _aCRL
_cCRL
_bhin
041 _2hin
_ahin
082 _aO152,3:gN, Q6
100 _aजोशी, ज्योतिष, ले.
245 0 _aउपन्यास की समकालीनता
246 _aUpanyās kī samakālīnatā
250 _aसंस्करण 3
260 _aनई दिल्ली
_bभारतीय ज्ञानपीठ भारत
_c2016
300 _a240पृ0
_ccm.
490 _aलोकोदय ग्रन्थमाला; ग्रन्थांक 883
650 _a हिन्दी साहित्य
650 _aहिन्दी कहानी
942 _hO152,3:gN, Q6
_cTEXL
_2cc
999 _c1019211
_d1019211